[Event "RUS-chT Blitz Men 2018"]
[Site "Sochi"]
[Date "2018.10.10"]
[Round "9"]
[White "Nuristani, Iman"]
[Black "Gogolev, Artem"]
[Result "1/2-1/2"]
[WhiteElo "2242"]
[BlackElo "2389"]
[Annotator "NA RC"]
[PlyCount "220"]
[EventDate "2018.10.10"]
[EventType "swiss"]
[EventCountry "RUS"]
[SourceTitle "playchess.com"]
[Source "ChessBase"]
[SourceQuality "1"]
[TimeControl "180+2"]

1. d4 {[%emt 0:00:00]} Nf6 {[%emt 0:00:00]} 2. c4 {[%emt 0:00:00]} e6 {[%emt 0:00:01]} 3. Nc3 {[%emt 0:00:00]} Bb4 {[%emt 0:00:02]} 4. a3 {[%emt 0:00:01]} Bxc3+ {[%emt 0:00:02]} 5. bxc3 {[%emt 0:00:01]} d6 {[%emt 0:00:01]} 6. e3 {[%emt 0:00:03]} b6 {[%emt 0:00:06]} 7. Bd3 {[%emt 0:00:01]} Bb7 {[%emt 0:00:02]} 8. f3 {[%emt 0:00:01]} Nfd7 {[%emt 0:00:08]} 9. Ne2 {[%emt 0:00:08]} f5 {[%emt 0:00:03]} 10. e4 {[%emt 0:00:15]} Qh4+ {[%emt 0:00:07]} 11. g3 {[%emt 0:00:08]} Qf6 {[%emt 0:00:01]} 12. Be3 {[%emt 0:00:23]} c5 {[%emt 0:00:02]} 13. Qd2 {[%emt 0:00:07]} O-O {[%emt 0:00:17]} 14. Bg5 {[%emt 0:00:14]} Qf7 {[%emt 0:00:01]} 15. O-O {[%emt 0:00:42]} Nc6 {[%emt 0:00:03]} 16. exf5 {[%emt 0:00:25]} exf5 {[%emt 0:00:02]} 17. Bf4 {[%emt 0:00:00]} Qf6 {[%emt 0:00:11]} 18. Bg5 {[%emt 0:00:07]} Qf7 {[%emt 0:00:01]} 19. Bf4 {[%emt 0:00:01]} Qf6 {[%emt 0:00:21]} 20. Bg5 {[%emt 0:00:01]} Qf7 {[%emt 0:00:09]} 21. Bf4 {[%emt 0:00:03]} Qf6 {[%emt 0:00:35]} 22. Bg5 {[%emt 0:00:37]} Qf7 {[%emt 0:00:20]} 23. Bf4 {[%emt 0:00:07]} Qf6 {[%emt 0:00:31]} 24. Bc2 {[%emt 0:00:03]} Rfe8 {[%emt 0:00:10]} 25. Rae1 {[%emt 0:00:03]} Na5 {[%emt 0:00:07]} 26. dxc5 {[%emt 0:00:04]} Nxc5 {[%emt 0:00:01]} 27. Qxd6 {[%emt 0:00:05]} Qxd6 {[%emt 0:00:02]} 28. Bxd6 {[%emt 0:00:00]} Rad8 {[%emt 0:00:07]} 29. Bf4 {[%emt 0:00:08]} g6 {[%emt 0:00:05]} 30. Nd4 {[%emt 0:00:01]} Nxc4 {[%emt 0:00:04]} 31. Bg5 {[%emt 0:00:01]} Rc8 {[%emt 0:00:03]} 32. a4 {[%emt 0:00:06]} Kf7 {[%emt 0:00:03]} 33. Bb1 {[%emt 0:00:03]} Kg7 {[%emt 0:00:06]} 34. Bc2 {[%emt 0:00:01]} Bd5 {[%emt 0:00:03]} 35. Nb5 {[%emt 0:00:03]} a6 {[%emt 0:00:04]} 36. Rxe8 {[%emt 0:00:01]} Rxe8 {[%emt 0:00:01]} 37. Nc7 {[%emt 0:00:00]} Re2 {[%emt 0:00:03]} 38. Bxf5 {[%emt 0:00:02]} gxf5 {[%emt 0:00:03]} 39. Nxd5 {[%emt 0:00:01]} Nxa4 {[%emt 0:00:03]} 40. Bf6+ {[%emt 0:00:01]} Kf7 {[%emt 0:00:01]} 41. Bd4 {[%emt 0:00:00]} Nc5 {[%emt 0:00:02]} 42. Nxb6 {[%emt 0:00:02]} Nxb6 {[%emt 0:00:01]} 43. Bxc5 {[%emt 0:00:01]} Nd5 {[%emt 0:00:01]} 44. Bd4 {[%emt 0:00:03]} Ne3 {[%emt 0:00:01]} 45. Bxe3 Rxe3 {[%emt 0:00:01]} 46. Ra1 {[%emt 0:00:03]} Rxf3 {[%emt 0:00:02]} 47. Rxa6 {[%emt 0:00:02]} Rxc3 {[%emt 0:00:01]} 48. Ra7+ {[%emt 0:00:01]} Kg6 {[%emt 0:00:01]} 49. Kg2 {[%emt 0:00:04]} Rb3 {[%emt 0:00:03]} 50. h4 {[%emt 0:00:05]} h6 {[%emt 0:00:03]} 51. Ra6+ {[%emt 0:00:02]} Kg7 {[%emt 0:00:00]} 52. Ra7+ {[%emt 0:00:02]} Kg6 {[%emt 0:00:01]} 53. Ra6+ {[%emt 0:00:01]} Kg7 {[%emt 0:00:04]} 54. h5 {[%emt 0:00:03]} Rc3 {[%emt 0:00:06]} 55. Rg6+ {[%emt 0:00:03]} Kh7 {[%emt 0:00:01]} 56. Rf6 {[%emt 0:00:00]} Rc5 {[%emt 0:00:01]} 57. Kf3 {[%emt 0:00:01]} Kg7 {[%emt 0:00:01]} 58. Rg6+ {[%emt 0:00:00]} Kh7 {[%emt 0:00:02]} 59. Kf4 {[%emt 0:00:01]} Rb5 {[%emt 0:00:07]} 60. Rf6 {[%emt 0:00:01]} Kg7 {[%emt 0:00:01]} 61. Rxf5 {[%emt 0:00:02]} Rb4+ {[%emt 0:00:03]} 62. Kf3 {[%emt 0:00:02]} Ra4 {[%emt 0:00:02]} 63. Re5 {[%emt 0:00:03]} Kf6 {[%emt 0:00:02]} 64. Rb5 {[%emt 0:00:01]} Rc4 {[%emt 0:00:02]} 65. Rb6+ {[%emt 0:00:03]} Kg5 {[%emt 0:00:02]} 66. Rb5+ {[%emt 0:00:08]} Kf6 {[%emt 0:00:01]} 67. Rb6+ {[%emt 0:00:01]} Kg5 {[%emt 0:00:01]} 68. Rb5+ {[%emt 0:00:01]} Kf6 {[%emt 0:00:01]} 69. Rd5 {[%emt 0:00:00]} Rb4 {[%emt 0:00:02]} 70. Ra5 {[%emt 0:00:09]} Rc4 {[%emt 0:00:01]} 71. Ra8 {[%emt 0:00:01]} Kg5 {[%emt 0:00:04]} 72. Ra5+ {[%emt 0:00:03]} Kf6 {[%emt 0:00:01]} 73. Rb5 {[%emt 0:00:01]} Ra4 {[%emt 0:00:02]} 74. Rb6+ {[%emt 0:00:05]} Kg5 {[%emt 0:00:01]} 75. Rb5+ {[%emt 0:00:00]} Kf6 76. g4 Ra3+ 77. Kf4 Ra4+ 78. Kg3 Kg7 {[%emt 0:00:14]} 79. Rb7+ {[%emt 0:00:02]} Kg8 {[%emt 0:00:02]} 80. Rb6 {[%emt 0:00:01]} Kg7 {[%emt 0:00:01]} 81. Rg6+ {[%emt 0:00:00]} Kh7 {[%emt 0:00:00]} 82. Re6 {[%emt 0:00:01]} Kg7 {[%emt 0:00:01]} 83. Kf3 {[%emt 0:00:01]} Rb4 {[%emt 0:00:02]} 84. Re4 {[%emt 0:00:01]} Rb5 {[%emt 0:00:02]} 85. Kf4 {[%emt 0:00:01]} Kf6 {[%emt 0:00:01]} 86. Rc4 {[%emt 0:00:01]} Rb6 {[%emt 0:00:01]} 87. Rc7 {[%emt 0:00:06]} Rb4+ {[%emt 0:00:01]} 88. Kg3 {[%emt 0:00:01]} Rb6 {[%emt 0:00:09]} 89. Rh7 {[%emt 0:00:02]} Ke5 {[%emt 0:00:02]} 90. Re7+ {[%emt 0:00:03]} Kf6 {[%emt 0:00:01]} 91. Rh7 {[%emt 0:00:01]} Ke5 {[%emt 0:00:01]} 92. Kh4 {[%emt 0:00:05]} Ra6 {[%emt 0:00:05]} 93. Rg7 {[%emt 0:00:03]} Rc6 {[%emt 0:00:02]} 94. Re7+ {[%emt 0:00:08]} Kf6 {[%emt 0:00:02]} 95. Rh7 {[%emt 0:00:00]} Ke5 {[%emt 0:00:01]} 96. Rh8 {[%emt 0:00:03]} Rb6 {[%emt 0:00:02]} 97. Rh7 {[%emt 0:00:01]} Ra6 {[%emt 0:00:02]} 98. Rf7 {[%emt 0:00:03]} Rb6 {[%emt 0:00:02]} 99. Rf5+ {[%emt 0:00:01]} Ke6 {[%emt 0:00:01]} 100. Ra5 {[%emt 0:00:02]} Kf6 {[%emt 0:00:01]} 101. Ra7 {[%emt 0:00:02]} Rc6 {[%emt 0:00:02]} 102. Rh7 {[%emt 0:00:03]} Ke5 {[%emt 0:00:01]} 103. Rg7 {[%emt 0:00:01]} Rb6 {[%emt 0:00:02]} 104. Rg6 {[%emt 0:00:05]} Rxg6 {[%emt 0:00:01]} 105. hxg6 {[%emt 0:00:01]} Kf6 {[%emt 0:00:01]} 106. Kh5 {[%emt 0:00:00]} Kg7 {[%emt 0:00:01]} 107. g5 {[%emt 0:00:01]} hxg5 {[%emt 0:00:01]} 108. Kxg5 {[%emt 0:00:01]} Kg8 {[%emt 0:00:01]} 109. Kh6 {[%emt 0:00:01]} Kh8 {[%emt 0:00:00]} 110. g7+ {[%emt 0:00:00]} Kg8 {[%emt 0:00:01]} 1/2-1/2

[Event "RUS-chT Blitz Men 2018"]
[Site "Sochi"]
[Date "2018.10.10"]
[Round "9"]
[White "Kretov, Evgenij"]
[Black "Klimentov, Evgeny"]
[Result "1-0"]
[WhiteElo "2219"]
[BlackElo "2135"]
[Annotator "NA"]
[PlyCount "76"]
[EventDate "2018.10.10"]
[EventType "swiss"]
[EventCountry "RUS"]
[SourceTitle "playchess.com"]
[Source "ChessBase"]
[SourceQuality "1"]
[TimeControl "180+2"]

1. c4 {[%emt 0:00:00]} d6 {[%emt 0:00:00]} 2. Nc3 {[%emt 0:00:01]} g6 {[%emt 0:00:00]} 3. g3 {[%emt 0:00:01]} Bg7 {[%emt 0:00:00]} 4. Bg2 {[%emt 0:00:01]} Nd7 {[%emt 0:00:01]} 5. Nf3 {[%emt 0:00:03]} e5 {[%emt 0:00:01]} 6. O-O {[%emt 0:00:02]} Ne7 {[%emt 0:00:00]} 7. Rb1 {[%emt 0:00:01]} O-O {[%emt 0:00:02]} 8. b4 {[%emt 0:00:01]} f5 {[%emt 0:00:00]} 9. d4 {[%emt 0:00:15]} exd4 {[%emt 0:00:04]} 10. Nxd4 {[%emt 0:00:02]} Ne5 {[%emt 0:00:01]} 11. Qb3 {[%emt 0:00:09]} c5 {[%emt 0:00:08]} 12. Nf3 {[%emt 0:00:09]} Nxf3+ {[%emt 0:00:18]} 13. Bxf3 {[%emt 0:00:02]} Nc6 {[%emt 0:00:01]} 14. bxc5 {[%emt 0:00:12]} dxc5 {[%emt 0:00:03]} 15. e3 {[%emt 0:00:04]} Na5 {[%emt 0:00:28]} 16. Qc2 {[%emt 0:00:12]} Be6 {[%emt 0:00:08]} 17. Nd5 {[%emt 0:00:02]} b6 {[%emt 0:00:25]} 18. Rd1 {[%emt 0:00:13]} Rb8 {[%emt 0:00:53]} 19. Nf4 {[%emt 0:00:27]} Bd7 {[%emt 0:00:01]} 20. Bd2 {[%emt 0:00:24]} Qe8 {[%emt 0:00:21]} 21. Bxa5 {[%emt 0:00:05]} Ba4 {[%emt 0:00:01]} 22. Qd2 {[%emt 0:00:20]} Bxd1 {[%emt 0:00:05]} 23. Bd5+ {[%emt 0:00:07]} Kh8 {[%emt 0:00:01]} 24. Rxd1 {[%emt 0:00:07]} bxa5 {[%emt 0:00:01]} 25. Qxa5 {[%emt 0:00:01]} Qe7 {[%emt 0:00:19]} 26. h4 {[%emt 0:00:28]} Be5 {[%emt 0:00:08]} 27. Ne6 {[%emt 0:00:02]} Rfe8 {[%emt 0:00:03]} 28. Qxc5 {[%emt 0:00:06]} Qf6 {[%emt 0:00:12]} 29. Ng5 {[%emt 0:00:06]} Kg7 {[%emt 0:00:03]} 30. Qxa7+ {[%emt 0:00:03]} Re7 {[%emt 0:00:02]} 31. Qa4 {[%emt 0:00:06]} Rb2 {[%emt 0:00:01]} 32. Rf1 {[%emt 0:00:05]} Bxg3 {[%emt 0:00:04]} 33. fxg3 {[%emt 0:00:03]} Qe5 {[%emt 0:00:02]} 34. Rf3 {[%emt 0:00:03]} Qc3 {[%emt 0:00:06]} 35. Qd1 {[%emt 0:00:02]} Rxe3 {[%emt 0:00:01]} 36. Ne6+ {[%emt 0:00:02]} Kh6 {[%emt 0:00:05]} 37. Nf4 {[%emt 0:00:03]} Rxf3 {[%emt 0:00:05]} 38. Bxf3 {[%emt 0:00:02]} Qe3+ {[%emt 0:00:02]} 1-0

[Event "RUS-chT Blitz Men 2018"]
[Site "Sochi"]
[Date "2018.10.10"]
[Round "9"]
[White "Dudin, Gleb"]
[Black "Derjabin, Ilja"]
[Result "1-0"]
[WhiteElo "2178"]
[BlackElo "2345"]
[Annotator "NA"]
[PlyCount "79"]
[EventDate "2018.10.10"]
[EventType "swiss"]
[EventCountry "RUS"]
[SourceTitle "playchess.com"]
[Source "ChessBase"]
[SourceQuality "1"]
[TimeControl "180+2"]

1. d4 {[%emt 0:00:00]} Nf6 {[%emt 0:00:00]} 2. c4 {[%emt 0:00:00]} d6 {[%emt 0:00:00]} 3. Nc3 {[%emt 0:00:02]} Bf5 {[%emt 0:00:00]} 4. Nf3 {[%emt 0:00:06]} Nbd7 {[%emt 0:00:02]} 5. e3 {[%emt 0:00:01]} e5 {[%emt 0:00:02]} 6. Be2 {[%emt 0:00:01]} h6 {[%emt 0:00:03]} 7. O-O Be7 8. b4 {[%emt 0:00:13]} O-O {[%emt 0:00:05]} 9. Bb2 {[%emt 0:00:02]} Re8 {[%emt 0:00:02]} 10. Qb3 {[%emt 0:00:07]} e4 {[%emt 0:00:06]} 11. Nd2 {[%emt 0:00:01]} Nf8 {[%emt 0:00:09]} 12. Rfc1 {[%emt 0:00:02]} Ng6 {[%emt 0:00:03]} 13. Qd1 {[%emt 0:00:14]} Qd7 {[%emt 0:00:04]} 14. h3 {[%emt 0:00:22]} Bf8 {[%emt 0:00:11]} 15. Bf1 {[%emt 0:00:03]} Nh4 {[%emt 0:00:10]} 16. Nb3 {[%emt 0:00:22]} g5 {[%emt 0:00:03]} 17. d5 {[%emt 0:00:11]} g4 {[%emt 0:00:04]} 18. hxg4 {[%emt 0:00:15]} Bxg4 {[%emt 0:00:03]} 19. Ne2 {[%emt 0:00:18]} Nh5 {[%emt 0:00:11]} 20. Qe1 {[%emt 0:00:25]} Bf3 {[%emt 0:00:14]} 21. Ng3 {[%emt 0:00:19]} Qg4 {[%emt 0:00:16]} 22. Nd2 {[%emt 0:00:12]} Bg7 {[%emt 0:00:10]} 23. Bxg7 {[%emt 0:00:06]} Kxg7 {[%emt 0:00:00]} 24. gxf3 {[%emt 0:00:07]} exf3 {[%emt 0:00:08]} 25. Kh2 {[%emt 0:00:07]} Re5 {[%emt 0:00:07]} 26. Bh3 {[%emt 0:00:05]} Qg5 {[%emt 0:00:01]} 27. Qg1 {[%emt 0:00:07]} Kh8 {[%emt 0:00:10]} 28. Nxh5 {[%emt 0:00:03]} Qxh5 {[%emt 0:00:01]} 29. Qg4 {[%emt 0:00:02]} Rg8 {[%emt 0:00:07]} 30. Qxh5 Rxh5 {[%emt 0:00:01]} 31. Rg1 {[%emt 0:00:02]} Ng6 {[%emt 0:01:06]} 32. Nxf3 {[%emt 0:00:03]} Re8 {[%emt 0:00:01]} 33. Rg3 {[%emt 0:00:03]} Re4 {[%emt 0:00:01]} 34. Nd2 {[%emt 0:00:03]} Reh4 {[%emt 0:00:03]} 35. Kg2 {[%emt 0:00:01]} f5 {[%emt 0:00:03]} 36. f4 {[%emt 0:00:03]} Ne7 {[%emt 0:00:04]} 37. Nf3 {[%emt 0:00:00]} Ng6 {[%emt 0:00:02]} 38. Nxh4 {[%emt 0:00:02]} Nxh4+ {[%emt 0:00:01]} 39. Kf2 {[%emt 0:00:01]} Ng6 {[%emt 0:00:03]} 40. Rxg6 {[%emt 0:00:01]} 1-0

[Event "RUS-chT Blitz Men 2018"]
[Site "Sochi"]
[Date "2018.10.10"]
[Round "9"]
[White "Okun, Evgeny"]
[Black "Popov, Maksim"]
[Result "1-0"]
[WhiteElo "2163"]
[BlackElo "1570"]
[Annotator "TA"]
[PlyCount "117"]
[EventDate "2018.10.10"]
[EventType "swiss"]
[EventCountry "RUS"]
[SourceTitle "playchess.com"]
[Source "ChessBase"]
[SourceQuality "1"]

{[%evp 16,117,16,20,34,10,17,10,39,28,41,33,63,31,43,30,42,39,45,31,30,12,30,19,31,30,37,12,29,6,33,16,5,0,0,-25,-31,-25,-16,-62,108,104,92,106,111,93,97,42,97,106,102,72,131,133,139,125,123,-3,-5,-316,-44,-96,-99,-100,-97,-100,0,-53,-45,-359,0,0,607,565,540,340,320,365,29999,29983,29982,29982,29992,29980,29976,3781,29989,29987,29991,29990,29992,29985,29987,29988,29990,29991,29992,29992,29992,29992,29992,12843,29994,29995]} 1. e4 c5 2. Nf3 Nc6 3. g3 g6 4. d4 cxd4 5. Nxd4 Bg7 6. Ne2 d6 7. Bg2 Nf6 8. Nbc3 O-O 9. O-O Nd7 {B70: Sicilian Dragon: 6 g3 and 6 Be2 (without a later Be3)} (9... Re8 10. b3 Bg4 11. Bb2 Ne5 12. f3 Bd7 13. Kh1 Rc8 14. Nd5 Nxd5 15. exd5 Qb6 16. c4 Qa6 17. Nd4 {1-0 (33) Tiviakov,S (2569)-Korobov,A (2678) Nakhchivan 2018}) 10. Nd5 Nc5 11. c3 $146 ({Predecessor:} 11. Nef4 Bd7 12. Rb1 Rc8 13. c4 Ne5 14. b3 b5 15. cxb5 Bxb5 16. Re1 Ncd3 17. Nxd3 Nxd3 {0-1 (45) Hladik,J (2216)-Stopa,J (2400) Pardubice 2007}) 11... Bg4 {The position is equal.} 12. h3 (12. Ne3 {looks sharper.} Be6 13. b4 Nd7 14. f4 Nb6 15. a4) 12... Bxe2 13. Qxe2 e6 14. Nf4 Qe7 15. Be3 Rfd8 16. Rfd1 Rac8 17. h4 Ne5 18. b3 a6 19. c4 Nc6 20. Rac1 Ne5 21. Bd4 Ncd7 22. a4 Nc6 23. Bxg7 Kxg7 24. Qb2+ Kg8 25. h5 g5 26. Ne2 Qf6 27. Qa3 Nc5 $2 (27... Nde5 $15 {keeps the upper hand.}) 28. b4 $16 Nd7 29. Rxd6 Nde5 30. c5 $1 g4 (30... Rxd6 $2 31. cxd6 Qd8 32. f4 $18) 31. Nf4 (31. Qc3 $16) 31... b5 ({Black should play} 31... h6 $14) 32. axb5 axb5 33. Rcd1 Nc4 ({Better is} 33... h6) 34. Rxd8+ Rxd8 35. Rxd8+ Qxd8 36. Qc3 (36. Qd3 $16) 36... Qd1+ $11 37. Kh2 $2 {[%mdl 8192]} (37. Bf1 $1 $11 {and White has nothing to worry.}) 37... N6e5 $2 (37... N4e5 $1 $19 38. Qa3 h6 39. Nxe6 Qd2) 38. h6 {[#]} ({White should try} 38. c6 $1 $15 Nxc6 39. Qf6) 38... Kf8 $1 $17 39. Nh5 {[#]} Ke7 $1 40. Nf4 Qb1 (40... f6 $17 {And now ...Nd2 would win.} 41. c6 (41. Nh5 $2 Nd2 $19) 41... Nxc6) 41. Qd4 (41. Nh5 $11) 41... Qxb4 $15 {aiming for ...Qd2.} 42. c6 $2 {[%mdl 8192]} (42. Qd5 $1 $15) 42... Qd6 $2 (42... Nxc6 $19 43. Qh8 Qb2 44. Qxh7 (44. Qc8 $2 N4e5 $19) 44... Qxf2) 43. Qa7+ $11 Kf6 $2 {[%mdl 8192]} (43... Kd8 $11) 44. c7 $18 Nb6 45. Qxb6 Qxb6 46. c8=Q {Strongly threatening Qh8+.} Qxf2 $2 (46... Ke7 $18 47. Qh8 Qd4) 47. Qh8+ Ke7 48. Qxe5 Qb6 49. Qg5+ Kd7 50. Qg7 Ke7 51. Qxh7 b4 52. Qg7 b3 53. Qg5+ Kd7 54. Nd3 Qb8 55. h7 Qc8 56. Qb5+ Ke7 57. Qb4+ Kf6 58. Qxb3 (58. Qd4+ $142 Ke7 59. e5 f5 60. exf6+ Kf7 61. Ne5+ Kxf6 62. Qf4+ Ke7 63. Ng6+ Ke8 64. Qf8+ Kd7 65. Qe7#) 58... Qh8 59. Qb2+ {Precision: White = 34%, Black = 23%.} 1-0

[Event "RUS-chT Blitz Men 2018"]
[Site "Sochi"]
[Date "2018.10.10"]
[Round "9"]
[White "Tatarintsev, Egor"]
[Black "Chekhov, Sergei"]
[Result "0-1"]
[WhiteElo "2086"]
[BlackElo "2463"]
[Annotator "TA"]
[PlyCount "108"]
[EventDate "2018.10.10"]
[EventType "swiss"]
[EventCountry "RUS"]
[SourceTitle "playchess.com"]
[Source "ChessBase"]
[SourceQuality "1"]

{[%evp 18,108,-14,-20,-12,-17,4,0,0,0,0,-4,-6,-10,-5,0,0,0,0,0,0,-2,3,-39,-36,-114,-126,-117,-72,-144,-54,-75,-53,-125,-27,-37,-17,-16,-8,-14,0,-1,-1,-2,0,-2,-2,-4,-3,-10,-2,-10,0,-12,-14,-165,-164,-166,-166,-180,-180,-177,-171,-210,-173,-259,-281,-352,-343,-361,-352,-430,-408,-452,-438,-564,-554,-464,-585,-984,-978,-1150,-1103,-1685,-1627,-7167,-9804,-7019,-5746,-29975,-29975,-6111,-5810]} 1. e4 c5 2. c3 e6 3. Nf3 Nf6 4. e5 Nd5 5. d4 cxd4 6. cxd4 d6 7. Bc4 Nb6 8. Bb5+ {B22: Sizilianisch (Alapin 2.c3)} Bd7 9. Bxd7+ N8xd7 10. O-O {LiveBook: 3 Partien. Die Stellung ist ausgeglichen.} dxe5 11. dxe5 Nc5 12. Nc3 Be7 13. Be3 O-O 14. Qe2 Qd3 15. Rac1 $146 {[#] Lxc5 ist eine echte Drohung.} ({Vorgänger:} 15. Qe1 Rfd8 {0-1 (27) Rueda Erazo,J (1981)-Delchev,A (2669) Benidorm 2005}) 15... Qxe2 16. Nxe2 Rac8 17. Rfd1 Nd5 18. Bd4 Rfd8 19. Nc3 Nxc3 20. Bxc3 Nd3 21. Rc2 ({Lieber} 21. Rb1 $15) 21... Nb4 $17 22. Rcd2 {[#] Droht Lxb4 und aus.} Rxd2 23. Rxd2 (23. Bxd2 $142 Rc2 24. a3 (24. Bxb4 Bxb4 25. Ne1 Rxb2 $17)) 23... Nd5 (23... Nxa2 $17 24. Kf1 Rc7) 24. Kf1 Kf8 25. Bd4 (25. Rd3 $15) 25... a6 (25... Rc1+ $17 26. Ne1 Bb4) 26. g3 Ke8 27. Ke2 Bb4 28. Rd1 Rc2+ 29. Kd3 Rc6 30. a3 Be7 31. Rd2 Kd7 32. Rc2 Rxc2 33. Kxc2 $11 {[%mdl 4096] Endspiel KLS-KLS} Kc6 34. Nd2 Nc7 35. Bc3 Nb5 36. Ne4 $2 (36. Bb4 $11 {und Weiss steht sicher.} Bxb4 37. axb4) 36... Kd5 $19 37. f3 Nxc3 38. Kxc3 Kxe5 {KL-KS} 39. Kd3 f5 40. Nd2 Kd5 41. Nc4 (41. Nf1 {ist wohl besser.}) 41... Bc5 42. h3 e5 43. Nd2 g6 {[%cal Bg7g6,Bg6f5][%mdl 32]} 44. g4 b5 45. gxf5 gxf5 46. h4 h5 {[%cal Bh7h5,Bh5h4,Bh4h3,Bh3h2][%mdl 32]} 47. Ke2 Be7 48. Nb1 Bxh4 49. Nc3+ Kc4 50. Kd2 Bg5+ 51. Kc2 h4 52. Ne2 h3 53. Ng3 h2 54. Nh1 Bh4 {Precision: Weiß = 35%, Schwarz = 57%.} 0-1

[Event "RUS-chT Blitz Men 2018"]
[Site "Sochi"]
[Date "2018.10.10"]
[Round "9"]
[White "Rudakov, Sergey S."]
[Black "Kostin, Alexey"]
[Result "0-1"]
[WhiteElo "1733"]
[BlackElo "2253"]
[Annotator "NA"]
[PlyCount "86"]
[EventDate "2018.10.10"]
[EventType "swiss"]
[EventCountry "RUS"]
[SourceTitle "playchess.com"]
[Source "ChessBase"]
[SourceQuality "1"]
[TimeControl "180+2"]

1. e4 {[%emt 0:00:00]} c5 {[%emt 0:00:00]} 2. Nf3 {[%emt 0:00:01]} e6 {[%emt 0:00:00]} 3. d4 {[%emt 0:00:01]} cxd4 4. Nxd4 {[%emt 0:00:02]} a6 {[%emt 0:00:00]} 5. Bd3 {[%emt 0:00:01]} Bc5 {[%emt 0:00:03]} 6. Nb3 {[%emt 0:00:02]} Ba7 {[%emt 0:00:00]} 7. O-O {[%emt 0:00:02]} Nc6 {[%emt 0:00:01]} 8. Nc3 {[%emt 0:00:02]} Nf6 {[%emt 0:00:03]} 9. Bg5 {[%emt 0:00:02]} Ne5 {[%emt 0:00:14]} 10. Be2 {[%emt 0:00:06]} d6 {[%emt 0:00:05]} 11. Qd2 {[%emt 0:00:10]} b5 {[%emt 0:00:18]} 12. a3 {[%emt 0:00:20]} Bb7 {[%emt 0:00:07]} 13. Rad1 {[%emt 0:00:03]} Bb8 {[%emt 0:00:15]} 14. f4 {[%emt 0:00:02]} Ned7 {[%emt 0:00:22]} 15. Bf3 {[%emt 0:00:01]} O-O {[%emt 0:00:05]} 16. e5 {[%emt 0:00:26]} Qb6+ {[%emt 0:00:01]} 17. Kh1 {[%emt 0:00:03]} Bxf3 {[%emt 0:00:17]} 18. Rxf3 {[%emt 0:00:13]} dxe5 {[%emt 0:00:02]} 19. Bxf6 {[%emt 0:00:18]} Nxf6 {[%emt 0:00:04]} 20. Rd3 {[%emt 0:00:14]} exf4 {[%emt 0:00:04]} 21. h3 {[%emt 0:00:14]} Be5 {[%emt 0:00:02]} 22. Rf1 {[%emt 0:00:14]} Bxc3 {[%emt 0:00:04]} 23. Qxc3 {[%emt 0:00:04]} Ne4 {[%emt 0:00:03]} 24. Qe1 {[%emt 0:00:09]} Ng3+ {[%emt 0:00:01]} 25. Rxg3 {[%emt 0:00:02]} fxg3 {[%emt 0:00:02]} 26. Qxg3 {[%emt 0:00:02]} Rad8 {[%emt 0:00:06]} 27. c3 {[%emt 0:00:01]} g6 {[%emt 0:00:03]} 28. Nd4 {[%emt 0:00:01]} Rxd4 {[%emt 0:00:03]} 29. cxd4 {[%emt 0:00:02]} Qxd4 {[%emt 0:00:02]} 30. b4 {[%emt 0:00:03]} Rc8 {[%emt 0:00:13]} 31. Qf3 {[%emt 0:00:02]} Qd7 {[%emt 0:00:09]} 32. Rd1 {[%emt 0:00:06]} Qc7 {[%emt 0:00:01]} 33. h4 {[%emt 0:00:07]} Rd8 {[%emt 0:00:10]} 34. Rf1 {[%emt 0:00:03]} h5 {[%emt 0:00:06]} 35. Qe3 {[%emt 0:00:09]} Qc4 {[%emt 0:00:07]} 36. Qf2 {[%emt 0:00:02]} e5 {[%emt 0:00:08]} 37. Qf6 {[%emt 0:00:03]} Rd4 {[%emt 0:00:04]} 38. g3 {[%emt 0:00:11]} Qd5+ {[%emt 0:00:07]} 39. Kh2 {[%emt 0:00:12]} Rd2+ {[%emt 0:00:05]} 40. Rf2 {[%emt 0:00:01]} Rxf2+ {[%emt 0:00:03]} 41. Qxf2 {[%emt 0:00:01]} e4 {[%emt 0:00:05]} 42. Qf6 {[%emt 0:00:12]} e3 {[%emt 0:00:08]} 43. Qf1 {[%emt 0:00:09]} Qd2+ {[%emt 0:00:02]} 0-1

[Event "RUS-chT Blitz Men 2018"]
[Site "Sochi"]
[Date "2018.10.10"]
[Round "10"]
[White "Artemiev, Vladislav"]
[Black "Kretov, Evgenij"]
[Result "1-0"]
[WhiteElo "2706"]
[BlackElo "2219"]
[Annotator "TA"]
[PlyCount "40"]
[EventDate "2018.10.10"]
[EventType "swiss"]
[EventCountry "RUS"]
[SourceTitle "playchess.com"]
[Source "ChessBase"]
[SourceQuality "1"]

{[%evp 9,40,42,54,43,46,21,30,36,47,39,39,43,75,46,47,47,47,41,48,-1,41,45,108,108,182,69,29991,29992,29995,29996,29997,29998,29998]} 1. e4 c5 2. Nf3 Nc6 3. Bb5 a6 4. Bxc6 dxc6 5. d3 Qc7 6. a4 {B30: Sicilian: 2...Nc6 3 Bb5, lines without ...g6} (6. Be3 e5 7. Nbd2 Bd6 8. h3 Ne7 9. Nc4 Ng6 10. Qd2 a5 11. Nxd6+ Qxd6 12. Qc3 b6 13. g3 O-O {½-½ (42) Piorun,K (2676)-Mista,A (2593) Poland 2016}) 6... a5 7. Na3 e5 8. Nc4 {White has an edge.} Bd6 9. O-O Ne7 10. Nh4 O-O 11. Qh5 $146 ({Predecessor:} 11. Kh1 f5 12. exf5 Nxf5 13. Nxf5 Rxf5 {1-0 (44) Sergienko,S (2383)-Kretov,E (2297) Voronezh 2013}) 11... Be6 12. Bd2 b6 13. Rae1 {[%cal Ba1e1,Be1e3,Be3g3][%mdl 32]} f6 14. Re3 Bf7 15. Qg4 Rfd8 (15... Qc8 $14 16. Nf5 Nxf5 17. exf5 Bxc4 18. dxc4 Ra7) 16. Rg3 $36 {[%csl Gg3][%cal Rg4g7][%mdl 2048] White is in control.} g6 (16... Ng6 $16 {was necessary.}) 17. Qf3 (17. Nxd6 $18 Qxd6 18. b3) 17... Kg7 $2 {[%mdl 8192] [#]} (17... Bxc4 $14 18. dxc4 Kf7) 18. Bh6+ {White mates.} ({And not} 18. Nxd6 Qxd6 19. b3 g5 $11) 18... Kxh6 19. Qxf6 Rf8 20. Nf5+ Nxf5 {Precision: White = 37%, Black = 35%.} 1-0

[Event "RUS-chT Blitz Men 2018"]
[Site "Sochi"]
[Date "2018.10.10"]
[Round "10"]
[White "Malakhov, Vladimir"]
[Black "Papenin, Nikolai"]
[Result "1-0"]
[WhiteElo "2661"]
[BlackElo "2334"]
[Annotator "TA"]
[PlyCount "45"]
[EventDate "2018.10.10"]
[EventType "swiss"]
[EventCountry "RUS"]
[SourceTitle "playchess.com"]
[Source "ChessBase"]
[SourceQuality "1"]

{[%evp 23,45,60,57,37,44,27,111,81,83,86,182,184,159,151,581,584,650,645,677,692,795,801,1015,974]} 1. Nf3 Nf6 2. c4 g6 3. d4 c5 4. d5 b5 5. Qc2 bxc4 6. e4 d6 7. Bxc4 Bg7 8. O-O O-O 9. h3 Nbd7 10. Nc3 Nb6 {A57: Benko/Volga Gambit} (10... Rb8 11. Re1 Nh5 12. Be2 Ne5 13. Nxe5 Bxe5 14. Bxh5 gxh5 15. Bh6 Re8 16. Qd2 Kh8 17. Bf4 Bd4 18. Be3 {0-1 (63) Dreev,A (2644)-Perunovic,M (2622) Berlin 2015}) 11. Be2 e6 12. dxe6 Bxe6 {LiveBook: 5 Games. White is slightly better.} 13. Be3 Qe7 14. Rad1 Rac8 (14... d5 $11) 15. Ba6 Rb8 $146 ({Predecessor:} 15... Rcd8 16. Rfe1 Nfd7 17. Bg5 f6 18. Bh4 {0-1 (43) Maiques,R-Needleman,G (2224) Buenos Aires 2004}) 16. Rfe1 Nc4 {[#]} (16... Rfd8 $16 {was worth a try.}) 17. Bxc4 $1 $18 Bxc4 {[#]} 18. Bf4 $1 $36 {[%cal Rf4d6][%mdl 2048] White is on the roll.} Rb6 $2 (18... Rbd8 $16 {is a better chance.} 19. Qd2 Qb7 20. Bxd6 Ne8) 19. Na4 $1 {[%csl LRb6,LRc4][%cal Bc3a4,Ba4c5,Bc5e6][%mdl 32] White is clearly winning.} Rb4 20. Bxd6 Qe8 21. Nxc5 Nh5 22. b3 Be6 23. Nxe6 {Precision: White = 81%, Black = 10%.} 1-0